| 000 | 00865nam a22002297a 4500 | ||
|---|---|---|---|
| 999 |
_c19124 _d19124 |
||
| 003 | AR-CdUCM | ||
| 008 | 190516b ||||| |||| 00| 0 spa d | ||
| 040 |
_aMUNICIPALIDAD PROVINCIAL DEL CUSCO _cBIBLIOTECA MUNICIPAL DEL CUSCO |
||
| 041 | _heng | ||
| 082 |
_a921.73 / _bN27 |
||
| 100 |
_aNathanson, Jerome _940277 |
||
| 245 |
_aJohn Dewey : _bla reconstrucción de la vida democrática / |
||
| 260 |
_aMéxico : _bGuarania, _c1956. |
||
| 300 |
_a117 páginas ; _c22 cm. |
||
| 505 | _aContenido: La filosofía y los problemas humanos -- El mundo en que vivimos -- Las posibilidades de la naturaleza humana -- La democracia como un modo de vida... | ||
| 650 |
_aReconstrucción de la vida _940278 |
||
| 650 |
_aFilosofía _9395 |
||
| 650 |
_aDemocracia _92598 |
||
| 700 |
_aSeoane, Luis F. (traductor) _940279 |
||
| 942 |
_2ddc _cLIBROS |
||
| 945 |
_aacv _d2019-05-16 |
||